• 首页
  • 本馆介绍
  • 公告通知
  • 最新文献
  • 馆藏检索
  • 电子资源
  • 读者荐购
  • 参考咨询
  • CALIS
  • 我的图书馆
  • 登录
  • 详细信息显示
  • 放入我的书架
  • 预约/预借图书
  • 作者相关作品
  • 分类相关作品
  • 丛书相关作品
  • 出版社相关作品

书目信息

  • 表格格式
  • 工作单格式
  • 卡片格式
题名:
工程振动与控制
    
 
作者: 吴成军 编著
分册:  
出版信息: 西安   西安交通大学出版社  2008.03
页数: 195页
开本: 24cm
丛书名: 研究生创新教育系列教材
单 册:
中图分类: TB123
科图分类:
主题词: 工程力学--gong cheng li xue--振动控制
电子资源:
ISBN: 978-7-5605-2709-3
 
 
 
 
 
000 00942nam 2200265 450
001 012008024415
005 20080512161243.04
010    @a978-7-5605-2709-3@dCNY25.00
100    @a20080510d2008 em y0chiy0120 ea
101 0  @achi
102    @aCN@b610000
105    @aa a 000yy
106    @ar
200 1  @a工程振动与控制@Agong cheng zhen dong yu kong zhi@f吴成军@Fwu cheng jun
210    @a西安@c西安交通大学出版社@d2008.03
215    @a195页@c图@d24cm
225 2  @a研究生创新教育系列教材@Ayan jiu sheng chuang xin jiao yu xi lie jiao cai
320    @a有书目 (第193-195页)
330    @a本书简明系统地阐述了工程振动的基础知识以及多种实用有效的工程振动分析方法与控制技术,同时配有大量的工程应用实例。
410  0 @12001 @a研究生创新教育系列教材
606 0  @a工程力学@Agong cheng li xue@x振动控制
690    @aTB123@v4
701  0 @a吴成军@Awu cheng jun@4编著
801  0 @aCN@bQSSK@c20080512
905    @b710052-54@dTB123@eW752@f3
    
    工程振动与控制/吴成军.-西安:西安交通大学出版社,2008.03
    195页:图;24cm.-(研究生创新教育系列教材)
    
    
    ISBN 978-7-5605-2709-3:CNY25.00
    本书简明系统地阐述了工程振动的基础知识以及多种实用有效的工程振动分析方法与控制技术,同时配有大量的工程应用实例。
●
相关链接 在E读中查询图书 在当当中查询图书 在豆瓣中查询图书


正题名:工程振动与控制     索取号:TB123/W752         预约/预借

序号 登录号 条形码 馆藏地/架位号 状态 备注
1 710052   207100527   自科库501/501自科库 4排1列2层/ [索取号:TB123/W752] 在馆    
2 710053   207100536   自科库501/501自科库 4排1列2层/ [索取号:TB123/W752] 在馆    
3 710054   207100545   自科库501/501自科库 4排1列2层/ [索取号:TB123/W752] 在馆    
河南城建学院图书馆 欢迎您!
大连网信软件有限公司© 版权所有